All Clubs Competing In Top 5 Leagues 2025/26 - Statistics

General Stats
  • This quiz has been taken 1,043 times
  • The average score is 67 of 96
Answer Stats
Answer % Correct
Manchester City
98%
Manchester United
98%
Arsenal
97%
Chelsea
96%
Liverpool
96%
AC Milan
95%
Bayern Munich
95%
Real Madrid
95%
Aston Villa
94%
Barcelona
94%
Internazionale
94%
Paris Saint-Germain
94%
Tottenham Hotspur
94%
Atletico Madrid
93%
Borussia Dortmund
92%
Juventus
92%
Newcastle United
90%
Wolverhampton Wanderers
90%
Athletic Bilbao
89%
Brighton & Hove Albion
89%
Everton
89%
Roma
89%
West Ham United
89%
Crystal Palace
87%
Leeds United
87%
Lyon
87%
Napoli
87%
Marseille
85%
Sevilla
85%
Valencia
85%
Bournemouth
84%
Fulham
84%
Lazio
83%
Sunderland
83%
Brentford
81%
Burnley
80%
Nottingham Forest
80%
Real Betis
79%
Fiorentina
78%
Lille
78%
AS Monaco
77%
Bayer Leverkusen
77%
Eintracht Frankfurt
76%
Villarreal
75%
Real Sociedad
74%
Atalanta
73%
Nice
73%
Torino
72%
Bologna
71%
RB Leipzig
71%
Wolfsburg
71%
Stuttgart
68%
Koln
67%
Nantes
67%
Borussia Monchengladbach
66%
Genoa
66%
Espanyol
65%
Werder Bremen
65%
Girona
64%
Rennes
64%
Toulouse
63%
Union Berlin
63%
Hellas Verona
62%
Parma
62%
Strasbourg
62%
Udinese
62%
Como
61%
Getafe
61%
Celta Vigo
60%
Mallorca
59%
Cagliari
58%
Paris FC
55%
Augsburg
54%
Brest
53%
Sassuolo
53%
Lens
52%
Hoffenheim
51%
Freiburg
50%
Rayo Vallecano
50%
St. Pauli
48%
Lecce
47%
Osasuna
47%
Pisa
45%
Auxerre
43%
Elche
43%
Levante
42%
Real Oviedo
42%
Heidenheim
41%
Alaves
40%
Le Havre
38%
Angers
35%
HSV
35%
Metz
35%
Cremonese
33%
Lorient
32%
Mainz 05
28%
No matching quizzes found
Score Distribution
Percent of People with Each Score
Percentile by Number Answered
Your Score History
You have not taken this quiz